Art d'Orient.
محفوظ في:
مؤلف مشترك:
التنسيق: كتاب
اللغة: French
الموضوعات:
الوسوم: إضافة وسم
لا توجد وسوم, كن أول من يضع وسما على هذه التسجيلة!
رقم الطلب: N2 .S1 1990
| LEADER | 00771namaa2200229 4500 | ||
|---|---|---|---|
| 001 | 21576 | ||
| 003 | OSt | ||
| 005 | 20210913075937.0 | ||
| 008 | 130303s1990 fr a g c 000 0 fre d | ||
| 952 | |0 0 |1 0 |2 lcc |4 0 |6 N0002 S1 01990 |7 1 |9 18689 |a ARCE |b ARCE |d 2021-09-13 |l 0 |o N2 .S1 1990 |p 1008745 |r 2021-09-13 00:00:00 |w 2021-09-13 |y BK | ||
| 999 | |c 21814 |d 21814 | ||
| 040 | |c ARCE Library | ||
| 050 | 0 | 4 | |a N2 .S1 1990 |
| 110 | 2 | |a Hôtel Drouot. | |
| 245 | 1 | 0 | |a Art d'Orient. |
| 264 | 1 | |a Paris : |b [publisher not identified], |c 1990. | |
| 300 | |a 1 volume (unpaged) : |b illustrations ; |c 24 cm. | ||
| 500 | |a Archéologie; art persan; art ottoman; arts du Maghreb; arts de l'Inde. | ||
| 650 | 0 | |a Art, Moroccan |v Catalogs. | |
| 650 | 0 | |a Art, Persian |v Catalogs. | |
| 901 | |a reviewed | ||
| 942 | |c BK |2 lcc | ||
